000 04869cam a22018614i 4500
003 PE-LiUPU
005 20250813165842.0
008 150706s r 000 0 d
020 _a9788498750546
035 _a(Sirsi) i9788498750546
040 _aPE-LiUPU
_bspa
_cPE-LiUPU
_erda
049 _aPRUA
082 0 4 _a658.804324
_bH22
_221
100 1 _aHarfoush, Rahaf,
_eautor.
245 1 0 _aYes we did :
_bcómo construimos la marca Obama a través de las redes sociales /
_cRahaf Harfoush.
264 1 _aBarcelona :
_bGestión,
_c2010.
300 _a208 páginas :
_bilustraciones ;
_c23 cm.
336 _atext
_2rdacontent
337 _aunmediated
_2rdamedia
338 _avolume
_2rdacarrier
505 0 _aEl desvalido -- El origen de un movimiento -- Presentación del joven senador -- Enfrentarse a los Clinton -- El camino a Denver -- Comprender el pasado -- Experiencia personal, bienvenido al país de Obama -- El candidato -- Crear una imagen convincente -- Experiencia personal: la carrera está en marcha -- Nacimiento de una marca global -- My.BarackObama.com -- Vecino a vecino -- Correo electrónico -- Móviles y mensajes de texto -- El blog -- Redes sociales -- Vídeo -- Análisis y anuncios online -- El presidente un nuevo comienzo -- Experiencia personal: El día de las elecciones -- La nueva cara del gobierno.
526 _aP203
526 _aP200
526 _aSEG65
526 _aSEG64
526 _aSEG63
526 _aSEG62
526 _aSEG61
526 _aSEG60
526 _aSEG59
526 _aSEG58
526 _aSEG57
526 _aSEG56
526 _aSEG55
526 _aSEG54
526 _aSEG53
526 _aSEG52
526 _aSEG51
526 _aSEG50
526 _aSEG49
526 _aSEG48
526 _aSEG47
526 _aSEG46
526 _aSEG24
526 _aSEG23
526 _aSEG22
526 _aSEG21
526 _aSEG20
526 _aSEG19
526 _aSEG18
526 _aSEG17
526 _aSEG16
526 _aSEG14
526 _aSEG13
526 _aSEG12
526 _aSEG11
526 _aSEG10
526 _aSEG09
526 _aSEG06
526 _aSEG05
526 _aSEG04
526 _aSEG03
526 _aSEG02
526 _aSEG68
526 _aSEG66
526 _aSEG45
526 _aSEG25
526 _aSEG01
526 _aP163
526 _aP162
526 _aP161
526 _aP160
526 _aP159
526 _aP158
526 _aP157
526 _aP156
526 _aP155
526 _aP154
526 _aP153
526 _aP152
526 _aP151
526 _aP150
526 _aP149
526 _aP142
526 _aP141
526 _aP140
526 _aP139
526 _aP138
526 _aP137
526 _aP132
526 _aP131
526 _aP130
526 _aP126
526 _aP125
526 _aP124
526 _aP123
526 _aP115
526 _aP122
526 _aP121
526 _aP116
526 _a P114
526 _aP112
526 _aP111
526 _aP104
526 _aP103
526 _aP102
526 _aP101
526 _aP100
526 _aP96
526 _aP95
526 _aP93
526 _aP92
526 _aP91
526 _aP88
526 _aP83
526 _aP82
526 _aP79
526 _aP78
526 _aP75
526 _aP74
526 _aP71
526 _aP69
526 _a P51
526 _aP49
526 _aP48
526 _aP47
526 _aP33
526 _aP31
526 _a P30
526 _aP29
526 _aP27
526 _aP26
526 _aP25
526 _aP24
526 _a P22
526 _aP10
526 _aP09
526 _a P08
526 _aP06
526 _aP05
526 _aP04
526 _aP01
541 _g0300012039;
600 1 _aObama, Barack
650 0 4 _aPresidentes
_zEstados Unidos
_xElecciones
_y2008.
650 0 4 _aCandidatos presidenciales
_zEstados Unidos.
650 0 4 _aCampañas políticas
_zEstados Unidos.
650 0 4 _aMedios sociales
_xMarketing.
650 0 4 _aRedes sociales-los recursos de red informática.
650 0 4 _aComunicación en política
_zEstados Unidos.
651 _aEstados Unidos
_xPolítica y gobierno
_y2001-2009.
910 _agl
_bjv
_clch
_d20120511
942 _2ddc
_cBOOK
949 _a658.804324 H22
_wDEWEY
_c1
_i64530
_lCCODEBUL1
_mBUL
_p40.00
_r0
_sY
_tBOOK
_u2015-7-6
_xINGENIERIA
_PP27
_o.STAFF. Colección General
994 _aC0
_bPEPRU
596 _a1
999 _a658.804324 H22
_wDEWEY
_c53257
_i64530
_d53257
_e2016-4-25
_f2021-11-8
_g7
_lCCODEBUL1
_mBUL
_n2
_p40.00
_r0
_sY
_tBOOK
_u2015-7-6
_xFCE
_PP27
_0COMPRA
_o.STAFF. Colección General
980 _81
_gALBERTO SANCHEZ Responsable de Automatización